000 00939nam a2200229 i 4500
001 26476
003 ES-MaACL
005 20230906153441.0
007 t|
008 030109s1945 sp ||||1| spa d
100 1 _aAunós Pérez, Antonio.
_923921
245 1 0 _aImportancia de los valores espirituales en la relación laboral :
_bconferencia pronunciada en la clausura del curso escolar de 1944-45 /
_cpor Antonio Aunós Pérez.
260 _aBarcelona :
_bPatronato de la Escuela Social de Barcelona,
_c1945 (
_fGráf. Alfa)
300 _a23 p. ;
_c24 cm.
490 1 _aSerie A: discursos y conferencias ;
_v7
594 _aPrecede a tít.: Ministero de Trabajo. Escuela Social de Barcelona.
650 4 _aRelaciones laborales-
_xAspectos morales.
_9173571
710 2 _aEscuela Social de Barcelona.
_9173570
830 1 _aSerie A: discursos y conferencias ;
_v7
_9181043
852 _aES-MaACL
_j1866-F-16
999 _c26476
_d26476